[Event "Angora Chess Tournaments-WGM"]
[Site "Ankara"]
[Date "2010.02.17"]
[Round "6.1"]
[White "Umudova, Nargiz"]
[Black "Ozturk, Kubra"]
[Result "0-1"]
[WhiteElo "2239"]
[BlackElo "2232"]
[PlyCount "72"]
[EventDate "2010.02.15"]

1. e4 e5 2. Nf3 Nc6 3. Bb5 a6 4. Ba4 Nf6 5. O-O b5 6. Bb3 Bb7 7. d3 Be7 8. a3
O-O 9. Nc3 d6 10. Bg5 Na5 11. Ba2 c5 12. Ne2 h6 13. Bd2 Nc6 14. Ng3 Re8 15. c3
Bf8 16. Nh4 d5 17. Qf3 Bc8 18. Nhf5 Be6 19. Qe2 Kh7 20. exd5 Nxd5 21. Bxd5 Qxd5
22. Qe4 Rad8 23. Bc1 g6 24. Ne3 Qd7 25. f4 f5 26. Qf3 Bg7 27. Nd1 c4 28. dxc4
Bxc4 29. Re1 exf4 30. Rxe8 Qxd1+ 31. Qxd1 Rxd1+ 32. Kf2 fxg3+ 33. Kxg3 Na5 34.
Re7 g5 35. Be3 Rxa1 36. Bd4 Kg6 0-1

[Event "Angora Chess Tournaments-WGM"]
[Site "Ankara"]
[Date "2010.02.17"]
[Round "6.1"]
[White "Karlovich, Anastazia"]
[Black "Kaya, Emel"]
[Result "0-1"]
[WhiteElo "2200"]
[BlackElo "1946"]
[PlyCount "108"]
[EventDate "2010.02.15"]

1. e4 c5 2. Nf3 g6 3. d4 Bg7 4. dxc5 Qa5+ 5. c3 Qxc5 6. Na3 b6 7. Bd3 Bb7 8.
O-O Nf6 9. Qe2 O-O 10. Nb5 d6 11. Be3 Qc8 12. Bd2 Nbd7 13. c4 Nc5 14. Nc3 e6
15. Bc2 d5 16. e5 Nfe4 17. b4 Nxd2 18. Nxd2 d4 19. Nb5 d3 20. Bxd3 Nxd3 21.
Qxd3 Bxe5 22. Rad1 Rd8 23. Qe2 Qc6 24. Nf3 Bf6 25. Rxd8+ Rxd8 26. Qc2 a6 27.
Na3 Be7 28. b5 axb5 29. Nxb5 Rc8 30. Rc1 Qc5 31. Nfd4 Bg5 32. Rb1 e5 33. Ne2
Qc6 34. f3 Be3+ 35. Kf1 Qf6 36. Ng3 Rd8 37. Qe2 Qf4 38. Re1 Bc5 39. Qxe5 Qxc4+
40. Qe2 Bd5 41. Nc7 Qxe2+ 42. Nxe2 Bxa2 43. Rc1 Be3 44. Ra1 Bc4 45. Ra8 Rxa8
46. Nxa8 b5 47. Ke1 b4 48. Kd1 b3 49. Nc3 Bd3 50. Na4 Bc2+ 51. Ke2 Bc1 52. N8b6
b2 53. Nxb2 Bxb2 54. Nc4 Bd4 0-1

[Event "Angora Chess Tournaments-WGM"]
[Site "Ankara"]
[Date "2010.02.17"]
[Round "6.1"]
[White "Borsuk, Angela"]
[Black "Sop, Selen"]
[Result "1-0"]
[WhiteElo "2355"]
[BlackElo "1901"]
[PlyCount "101"]
[EventDate "2010.02.15"]

1. d4 d5 2. c4 c6 3. e3 Nf6 4. Nf3 a6 5. a4 Bg4 6. Qb3 Qc7 7. Ne5 Be6 8. Qc2
Nbd7 9. f4 g6 10. Bd3 dxc4 11. Bxc4 Bxc4 12. Qxc4 e6 13. O-O Bg7 14. b4 O-O 15.
Nc3 Rac8 16. Bd2 Nb6 17. Qd3 Nbd5 18. Ne2 Rfd8 19. Rfc1 Qe7 20. Rab1 Nc7 21.
Be1 Nd7 22. Nf3 Kh8 23. Nc3 e5 24. Bh4 f6 25. fxe5 Nxe5 26. Nxe5 Qxe5 27. Ne4
Qe6 28. Nc5 Qg4 29. Bg3 b6 30. Nb7 Rf8 31. Nd6 Rcd8 32. Rxc6 Nd5 33. Qb3 Qg5
34. e4 Ne3 35. Re1 Nxg2 36. Kxg2 Rd7 37. Qe3 Qg4 38. Qf3 Qe6 39. d5 Qe7 40.
Rxb6 h5 41. h4 Qd8 42. Rc6 f5 43. exf5 gxf5 44. Qxh5+ Kg8 45. Rc8 Qf6 46. Rxf8+
Bxf8 47. Be5 Rg7+ 48. Kh1 Qe7 49. Nxf5 Qxb4 50. Nh6+ Kh7 51. Ng4+ 1-0

[Event "Angora Chess Tournaments-WGM"]
[Site "Ankara"]
[Date "2010.02.17"]
[Round "6.1"]
[White "Burtasova, Anna"]
[Black "Menzi, Nezihe Ezgi"]
[Result "1/2-1/2"]
[WhiteElo "2332"]
[BlackElo "1877"]
[PlyCount "95"]
[EventDate "2010.02.15"]

1. e4 c5 2. c3 d5 3. exd5 Qxd5 4. d4 Nf6 5. Nf3 Bg4 6. dxc5 Qxc5 7. Na3 Nbd7 8.
Be3 Qc6 9. Be2 e6 10. Nc2 Bc5 11. Ncd4 Qd6 12. Qa4 O-O 13. Rd1 Nb6 14. Qc2 Nbd5
15. Bc1 Rac8 16. O-O Rfd8 17. a3 Bh5 18. c4 Bg6 19. Bd3 Bxd3 20. Qxd3 Nb6 21.
Qe2 Qe7 22. b3 Bxa3 23. Bxa3 Qxa3 24. Ra1 Qc5 25. Rxa7 Nxc4 26. Rxb7 Nd6 27. b4
Qc3 28. Ra7 Qxb4 29. Qa2 Qc4 30. Qa5 Nde4 31. Rxf7 Rxd4 32. Qa7 Qxf1+ 33. Kxf1
Rc1+ 34. Ke2 Nc3+ 35. Ke3 Ng4+ 36. Kxd4 Nb5+ 37. Ke4 Nxa7 38. Rxa7 Nxf2+ 39.
Ke5 Nd3+ 40. Kxe6 Nf4+ 41. Kf5 Nxg2 42. Ra8+ Kf7 43. Ne5+ Ke7 44. Ra7+ Kf8 45.
Ra8+ Ke7 46. Ra7+ Kf8 47. Ra8+ Ke7 48. Ra7+ 1/2-1/2

[Event "Angora Chess Tournaments-WGM"]
[Site "Ankara"]
[Date "2010.02.18"]
[Round "7.1"]
[White "Umudova, Nargiz"]
[Black "Yildiz, Betul Cemre"]
[Result "1/2-1/2"]
[WhiteElo "2239"]
[BlackElo "2260"]
[PlyCount "50"]
[EventDate "2010.02.15"]

1. e4 e5 2. Nf3 Nc6 3. Bb5 a6 4. Ba4 Nf6 5. O-O b5 6. Bb3 Bb7 7. d3 Be7 8. a4
O-O 9. Re1 h6 10. Nbd2 Re8 11. Nf1 Bf8 12. Ng3 Na5 13. Ba2 d5 14. axb5 axb5 15.
Bd2 Nc6 16. c3 dxe4 17. dxe4 Qd7 18. Qe2 Nb8 19. c4 b4 20. c5 Bxc5 21. Qc4 Bb6
22. Bxb4 Nc6 23. Bc5 Ba6 24. Qc3 Nd4 25. Bxb6 cxb6 1/2-1/2

[Event "Angora Chess Tournaments-WGM"]
[Site "Ankara"]
[Date "2010.02.18"]
[Round "7.1"]
[White "Karlovich, Anastazia"]
[Black "Ozturk, Kubra"]
[Result "1/2-1/2"]
[WhiteElo "2200"]
[BlackElo "2232"]
[PlyCount "44"]
[EventDate "2010.02.15"]

1. e4 e5 2. Nf3 Nc6 3. Bc4 Nf6 4. d3 Be7 5. c3 O-O 6. Nbd2 d5 7. Bb3 h6 8. O-O
Bg4 9. h3 Bh5 10. Re1 a6 11. exd5 Nxd5 12. Nc4 f6 13. Ne3 Bf7 14. d4 Nxe3 15.
Bxe3 exd4 16. Nxd4 Nxd4 17. Qxd4 Bxb3 18. axb3 Qxd4 19. Bxd4 Kf7 20. Rad1 Rfd8
21. Kf1 c5 22. Be3 Rac8 1/2-1/2

[Event "Angora Chess Tournaments-WGM"]
[Site "Ankara"]
[Date "2010.02.18"]
[Round "7.1"]
[White "Borsuk, Angela"]
[Black "Kaya, Emel"]
[Result "1-0"]
[WhiteElo "2355"]
[BlackElo "1946"]
[PlyCount "49"]
[EventDate "2010.02.15"]

1. d4 Nf6 2. c4 g6 3. Nc3 Bg7 4. e4 d6 5. Nf3 O-O 6. Bg5 Na6 7. Be2 e5 8. d5 h6
9. Bh4 Qe8 10. Nd2 Nh7 11. g4 Bd7 12. a3 Nc5 13. Nb5 Bxb5 14. cxb5 f5 15. gxf5
gxf5 16. b4 Nxe4 17. Nxe4 fxe4 18. Rc1 Qd7 19. Bg4 Qxb5 20. Rxc7 Qd3 21. Be6+
Kh8 22. Rg1 Bf6 23. Qxd3 exd3 24. Rg6 d2+ 25. Kd1 1-0

[Event "Angora Chess Tournaments-WGM"]
[Site "Ankara"]
[Date "2010.02.18"]
[Round "7.1"]
[White "Burtasova, Anna"]
[Black "Sop, Selen"]
[Result "1-0"]
[WhiteElo "2332"]
[BlackElo "1901"]
[PlyCount "61"]
[EventDate "2010.02.15"]

1. e4 c5 2. c3 Nf6 3. e5 Nd5 4. d4 cxd4 5. Nf3 d6 6. cxd4 e6 7. Nc3 Nxc3 8.
bxc3 Qc7 9. Bd2 Nc6 10. exd6 Bxd6 11. Bd3 h6 12. O-O O-O 13. Re1 e5 14. Qe2
exd4 15. Qe4 f5 16. Qd5+ Kh7 17. cxd4 Ne7 18. Qb3 Bd7 19. Ne5 Bxe5 20. dxe5 Qb6
21. Bb4 Rfe8 22. e6 Bc6 23. Qa3 Nd5 24. Bc5 Qd8 25. Bxf5+ g6 26. e7 Qc7 27. Bd6
Qb6 28. Bxg6+ Kxg6 29. Qd3+ Kf7 30. Qh7+ Kf6 31. Qxh6+ 1-0

[Event "Angora Chess Tournaments-WGM"]
[Site "Ankara"]
[Date "2010.02.18"]
[Round "7.1"]
[White "Gvetadze, Sopio"]
[Black "Menzi, Nezihe Ezgi"]
[Result "1-0"]
[WhiteElo "2337"]
[BlackElo "1877"]
[PlyCount "45"]
[EventDate "2010.02.15"]

1. Nf3 Nf6 2. g3 g6 3. b3 Bg7 4. Bb2 O-O 5. Bg2 d6 6. O-O e5 7. d3 Nc6 8. Nbd2
h6 9. c4 Be6 10. a3 Qd7 11. Re1 Nh7 12. Qc2 f5 13. b4 g5 14. Nb3 f4 15. Nfd2
Nf6 16. b5 Nd8 17. d4 Bf5 18. Ne4 exd4 19. Nxd4 Bh7 20. Nxf6+ Bxf6 21. Qb3 fxg3
22. hxg3 Qf7 23. Bd5 1-0

[Event "Angora Chess Tournaments-WGM"]
[Site "Ankara"]
[Date "2010.02.18"]
[Round "8.1"]
[White "Yildiz, Betul Cemre"]
[Black "Umudova, Nargiz"]
[Result "*"]
[WhiteElo "2260"]
[BlackElo "2239"]
[PlyCount "95"]
[EventDate "2010.02.15"]

1. e4 c5 2. Nf3 Nc6 3. Bb5 g6 4. Bxc6 bxc6 5. O-O Bg7 6. Re1 Nh6 7. c3 O-O 8.
d4 cxd4 9. cxd4 Qb6 10. Nc3 d6 11. h3 f6 12. b3 Nf7 13. Bb2 Ba6 14. Rc1 Rac8
15. Na4 Qb7 16. e5 Bb5 17. exf6 exf6 18. Nc3 d5 19. Nxb5 cxb5 20. Qe2 Bh6 21.
Rc5 b4 22. Qe6 Kg7 23. Bc1 Bxc1 24. Rexc1 Rxc5 25. dxc5 Nd8 26. Qd6 Nf7 27. Qf4
Rc8 28. Nd4 Ne5 29. Qg3 Qd7 30. f4 Nc6 31. Nb5 Re8 32. Qf3 Re4 33. Nd6 Nd4 34.
Qd1 Ne2+ 35. Kh2 Re7 36. Rc2 Nc3 37. Qd4 a5 38. a3 Qc6 39. axb4 axb4 40. Qxb4
Ne4 41. Re2 Rd7 42. Nxe4 dxe4 43. Rxe4 Rd5 44. Rc4 g5 45. Qc3 gxf4 46. b4 Rg5
47. Qf3 Qb5 48. Rxf4 *

[Event "Angora Chess Tournaments-WGM"]
[Site "Ankara"]
[Date "2010.02.18"]
[Round "8.1"]
[White "Ozturk, Kubra"]
[Black "Karlovich, Anastazia"]
[Result "*"]
[WhiteElo "2232"]
[BlackElo "2200"]
[PlyCount "54"]
[EventDate "2010.02.15"]

1. d4 Nf6 2. c4 e6 3. Nf3 b6 4. g3 Ba6 5. b3 Bb7 6. Bg2 Bb4+ 7. Bd2 a5 8. O-O
O-O 9. Bg5 Be7 10. Nc3 Ne4 11. Nxe4 Bxe4 12. Bxe7 Qxe7 13. Qd2 d6 14. Rac1 Nd7
15. Rfd1 f5 16. Ne1 Bxg2 17. Nxg2 Nf6 18. Qd3 Rad8 19. a3 c5 20. d5 e5 21. Qxf5
Nxd5 22. Qd3 Nc7 23. Ne3 Qf7 24. f3 Ne6 25. Nd5 Nd4 26. Kg2 b5 27. Rf1 Rb8 *

[Event "Angora Chess Tournaments-WGM"]
[Site "Ankara"]
[Date "2010.02.18"]
[Round "8.1"]
[White "Kaya, Emel"]
[Black "Borsuk, Angela"]
[Result "*"]
[WhiteElo "1946"]
[BlackElo "2355"]
[PlyCount "145"]
[EventDate "2010.02.15"]

1. e4 d6 2. d4 Nf6 3. Nc3 e5 4. Nf3 Nbd7 5. g3 Be7 6. Bg2 c6 7. a4 O-O 8. O-O
a5 9. b3 Re8 10. Ba3 Qc7 11. Qd2 Nf8 12. h3 b6 13. Rfd1 Rd8 14. Qe3 Rb8 15. d5
cxd5 16. Nxd5 Nxd5 17. Rxd5 Ne6 18. c4 Bb7 19. Rd2 Nc5 20. Ne1 Bc6 21. Rad1 Qb7
22. Bxc5 bxc5 23. Rd3 g6 24. Nc2 f5 25. f3 Rf8 26. Qe1 fxe4 27. fxe4 Rf7 28.
Na3 Rbf8 29. Nb5 Bxb5 30. axb5 Rf2 31. Qxf2 Rxf2 32. Kxf2 Bf8 33. Ra1 Qc7 34.
Rd2 Be7 35. Rda2 Bd8 36. Bf3 h5 37. Rxa5 Qxa5 38. Rxa5 Bxa5 39. Bd1 Kf7 40. g4
hxg4 41. Bxg4 g5 42. Kf3 Ke7 43. Bf5 Kf6 44. Kg4 Bb6 45. Kh5 Ba5 46. Kh6 Bb6
47. Kh7 Kf7 48. Bg6+ Ke6 49. Be8 Ke7 50. Bh5 Bd8 51. Kg6 Kd7 52. Kf7 Ba5 53.
Bg4+ Kc7 54. Ke6 Bb4 55. b6+ Kxb6 56. Kxd6 Bc3 57. b4 Bxb4 58. Kxe5 Kc7 59. Ke6
Bc3 60. e5 Bd4 61. Bf5 Kc6 62. Be4+ Kc7 63. Bf3 Bf2 64. Ke7 g4 65. hxg4 Bh4+
66. Ke8 Bg3 67. e6 Kd6 68. Kf7 Bh4 69. Bd5 Bd8 70. Kg6 Ke7 71. g5 Kf8 72. Kh6
Be7 73. g6 *

[Event "Angora Chess Tournaments-WGM"]
[Site "Ankara"]
[Date "2010.02.18"]
[Round "8.1"]
[White "Sop, Selen"]
[Black "Burtasova, Anna"]
[Result "*"]
[WhiteElo "1901"]
[BlackElo "2332"]
[PlyCount "56"]
[EventDate "2010.02.15"]

1. e4 c5 2. Nf3 e6 3. c3 Nf6 4. e5 Nd5 5. d4 cxd4 6. cxd4 Nc6 7. Bc4 Nb6 8. Bb3
d5 9. O-O Be7 10. a3 O-O 11. Bc2 f5 12. exf6 Bxf6 13. Qd3 g6 14. Bh6 Rf7 15.
Re1 Nc4 16. b3 Nd6 17. Ne5 Bxe5 18. dxe5 Ne4 19. f3 Qh4 20. Qe3 Nxe5 21. Bxe4
dxe4 22. Bg5 Qh5 23. f4 Nd3 24. Rf1 h6 25. Qxe4 Nc5 26. Qc4 b6 27. b4 Ba6 28.
b5 Bb7 *

[Event "Angora Chess Tournaments-WGM"]
[Site "Ankara"]
[Date "2010.02.18"]
[Round "8.1"]
[White "Menzi, Nezihe Ezgi"]
[Black "Gvetadze, Sopio"]
[Result "*"]
[WhiteElo "1877"]
[BlackElo "2337"]
[PlyCount "80"]
[EventDate "2010.02.15"]

1. e4 Nf6 2. e5 Nd5 3. d4 d6 4. Nf3 g6 5. c4 Nb6 6. h3 Bg7 7. exd6 cxd6 8. Nc3
O-O 9. Be2 Bf5 10. O-O Nc6 11. Be3 d5 12. c5 Nc4 13. Bxc4 dxc4 14. d5 Nb4 15.
Nd4 Bd3 16. Nde2 Nxd5 17. Nxd5 Qxd5 18. Nf4 Qd7 19. Nxd3 cxd3 20. Qd2 e5 21. f3
f5 22. Qb4 Qd5 23. Rac1 Rad8 24. Qc4 e4 25. fxe4 fxe4 26. Rxf8+ Kxf8 27. Qxd5
Rxd5 28. b3 Bf6 29. Kf1 Bb2 30. Rd1 Bc3 31. g4 Ke8 32. Kf2 Kd7 33. Rc1 Bb4 34.
Ra1 Kc6 35. a3 Bxc5 36. Bxc5 Rxc5 37. Ke3 Kd5 38. Rf1 Rc2 39. Rf7 Re2+ 40. Kf4
Rf2+ *

[Event "Angora Chess Tournaments-WGM"]
[Site "Ankara"]
[Date "2010.02.19"]
[Round "9.1"]
[White "Yildiz, Betul Cemre"]
[Black "Karlovich, Anastazia"]
[Result "1/2-1/2"]
[WhiteElo "2260"]
[BlackElo "2200"]
[PlyCount "32"]
[EventDate "2010.02.15"]

1. e4 e5 2. Nf3 Nc6 3. d4 exd4 4. Nxd4 Qf6 5. Be3 Bc5 6. c3 Nge7 7. Bc4 Ne5 8.
Be2 Qg6 9. O-O d6 10. f3 O-O 11. Kh1 f5 12. Nd2 fxe4 13. Qb3+ Kh8 14. fxe4 Bg4
15. Bxg4 Nxg4 16. Bg1 Bb6 1/2-1/2

[Event "Angora Chess Tournaments-WGM"]
[Site "Ankara"]
[Date "2010.02.19"]
[Round "9.1"]
[White "Ozturk, Kubra"]
[Black "Borsuk, Angela"]
[Result "1/2-1/2"]
[WhiteElo "2232"]
[BlackElo "2355"]
[PlyCount "73"]
[EventDate "2010.02.15"]

1. d4 Nf6 2. c4 e6 3. Nf3 Nc6 4. e3 Bb4+ 5. Nbd2 d5 6. a3 Bxd2+ 7. Bxd2 Ne4 8.
Bd3 a5 9. b3 O-O 10. O-O h6 11. Qc2 f5 12. b4 a4 13. Rfc1 Nxd2 14. Qxd2 Bd7 15.
Ra2 Ne7 16. Ne5 Be8 17. c5 g5 18. f4 Ng6 19. Nxg6 Bxg6 20. b5 Qf6 21. Bf1 Kh8
22. Rb2 Rg8 23. Rb4 Bh5 24. Qc2 Rg7 25. Rcb1 gxf4 26. exf4 Bf3 27. Qf2 Bxg2 28.
Bxg2 Rag8 29. Rxa4 Rxg2+ 30. Qxg2 Rxg2+ 31. Kxg2 Qh4 32. Rf1 Qg4+ 33. Kh1 Qe2
34. Kg1 Qg4+ 35. Kh1 Qe2 36. Kg1 Qg4+ 37. Kh1 1/2-1/2

[Event "Angora Chess Tournaments-WGM"]
[Site "Ankara"]
[Date "2010.02.19"]
[Round "9.1"]
[White "Kaya, Emel"]
[Black "Burtasova, Anna"]
[Result "1-0"]
[WhiteElo "1946"]
[BlackElo "2332"]
[PlyCount "93"]
[EventDate "2010.02.15"]

1. e4 c5 2. Nf3 e6 3. Nc3 a6 4. g3 b5 5. Bg2 Bb7 6. d3 d6 7. O-O Nf6 8. Ng5 b4
9. Ne2 h6 10. Nh3 Be7 11. f4 Nc6 12. Nf2 e5 13. Be3 O-O 14. g4 exf4 15. Nxf4
Ne5 16. Qe2 d5 17. exd5 Nxd5 18. Nxd5 Bxd5 19. Ne4 Rc8 20. Rf5 f6 21. h3 Be6
22. Rf2 f5 23. gxf5 Bxf5 24. Raf1 Bg6 25. Rxf8+ Bxf8 26. Bxh6 c4 27. Ng3 Qd4+
28. Be3 Qxb2 29. dxc4 Qxc2 30. Bd5+ Kh8 31. Qxc2 Bxc2 32. Rf4 Ng6 33. Rg4 Bc5
34. Bxc5 Rxc5 35. Ne4 Bxe4 36. Rxe4 Kh7 37. Kf2 Ra5 38. Ke3 Rxa2 39. c5 Rc2 40.
Rc4 Rxc4 41. Bxc4 a5 42. Bd3 a4 43. Kd2 a3 44. Kc2 Kg8 45. Bxg6 Kf8 46. Kb3 Ke7
47. Bb1 1-0

[Event "Angora Chess Tournaments-WGM"]
[Site "Ankara"]
[Date "2010.02.19"]
[Round "9.1"]
[White "Sop, Selen"]
[Black "Gvetadze, Sopio"]
[Result "0-1"]
[WhiteElo "1901"]
[BlackElo "2337"]
[PlyCount "192"]
[EventDate "2010.02.15"]

1. c4 c6 2. g3 Nf6 3. Nf3 d5 4. Qc2 g6 5. Bg2 Bg7 6. O-O O-O 7. b3 Bg4 8. Bb2
Nbd7 9. d3 Re8 10. Nbd2 a5 11. a3 Qb6 12. h3 Bxf3 13. Bxf3 Rad8 14. Rad1 e5 15.
e4 dxe4 16. dxe4 Bf8 17. Bg2 Nh5 18. Kh2 f6 19. Bf3 Ng7 20. Nb1 Nc5 21. Rxd8
Rxd8 22. Rd1 Rxd1 23. Bxd1 Nxb3 24. Kg2 Nd4 25. Qd2 Nge6 26. Nc3 Qa6 27. Ne2
Qxc4 28. Nxd4 exd4 29. Qxa5 Qd3 30. Qa4 Qxe4+ 31. Bf3 Qd3 32. h4 Kg7 33. Qa7
Qb3 34. Bxd4 Nxd4 35. Qxd4 Qxa3 36. h5 Qe7 37. hxg6 hxg6 38. g4 Kf7 39. Qc4+
Qe6 40. Qd4 Be7 41. Qb6 Qd7 42. Qb3+ Kg7 43. Qb6 Bd8 44. Qc5 Qe7 45. Qc3 Kf7
46. Qc4+ Qe6 47. Qb4 Qd7 48. Qc4+ Kg7 49. Qb4 Qc7 50. Qe4 Qd6 51. Qc4 Bc7 52.
Qc3 g5 53. Qc4 Bd8 54. Qc3 Kf8 55. Qc2 Ke8 56. Qh7 Qe7 57. Qd3 Bc7 58. Qb3 Bd6
59. Qg8+ Kd7 60. Qa8 Kc7 61. Qa5+ Kb8 62. Qb6 Bc5 63. Qb3 Kc7 64. Qa4 Bb6 65.
Qc4 Qe5 66. Qf7+ Kb8 67. Qg8+ Ka7 68. Qa2+ Qa5 69. Qb2 Qc5 70. Qa2+ Ba5 71. Qb2
Qc3 72. Qb1 Qa3 73. Qh7 Qc1 74. Qf7 Qc3 75. Qe6 Qb2 76. Be2 Bb6 77. Qe4 Qd4 78.
Qf3 Bc5 79. Bf1 b5 80. Kg1 Kb6 81. Bg2 Qa1+ 82. Kh2 Bd6+ 83. Kh3 Qa3 84. Qxa3
Bxa3 85. Kg3 c5 86. Kf3 c4 87. Ke2 Kc5 88. Kd2 b4 89. Be4 b3 90. Kc3 Bb4+ 91.
Kb2 Be1 92. f3 Kb4 93. Bf5 c3+ 94. Kc1 Bg3 95. Bg6 Bf4+ 96. Kb1 c2+ 0-1

[Event "Angora Chess Tournaments-WGM"]
[Site "Ankara"]
[Date "2010.02.19"]
[Round "9.1"]
[White "Menzi, Nezihe Ezgi"]
[Black "Umudova, Nargiz"]
[Result "0-1"]
[WhiteElo "1877"]
[BlackElo "2239"]
[PlyCount "126"]
[EventDate "2010.02.15"]

1. e4 c5 2. Nf3 Nc6 3. Bb5 g6 4. O-O Bg7 5. c3 Nf6 6. Re1 O-O 7. d4 cxd4 8.
cxd4 d5 9. e5 Ne4 10. Bxc6 bxc6 11. Nbd2 Bf5 12. Nb3 f6 13. exf6 Bxf6 14. Bh6
Rf7 15. Qc1 Qb6 16. Ng5 Bxg5 17. Bxg5 a5 18. Bf4 a4 19. Nc5 Nxc5 20. dxc5 Qb4
21. Bd2 Qb5 22. Qc3 Qd3 23. Qxd3 Bxd3 24. Re6 Rc8 25. Rae1 Kf8 26. Bh6+ Ke8 27.
Bg5 Rc7 28. Rd6 Be4 29. Re6 Rf5 30. Bh4 Kf7 31. Bg3 Kxe6 32. Bxc7 Kd7 33. Ba5
Bd3 34. Bc3 Rf4 35. Rd1 Bc2 36. Rc1 Bf5 37. Bd2 Rd4 38. Be3 Rd3 39. Kf1 e5 40.
Ke2 e4 41. h3 a3 42. b4 Be6 43. Rc2 Kc7 44. Bd2 Kb7 45. Rc3 d4 46. Rxd3 Bc4 47.
Kd1 Bxd3 48. b5 cxb5 49. Bb4 Kc6 50. Bxa3 Bf1 51. f3 e3 52. g3 Bxh3 53. Ke2 Be6
54. Kd3 Kd5 55. Bb2 Bf5+ 56. Ke2 Kxc5 57. g4 Bb1 58. a3 h5 59. gxh5 gxh5 60. f4
Kd5 61. Kf3 Bc2 62. Ke2 Ke4 63. f5 Ke5 0-1

[Event "Angora Chess Tournaments-WGM"]
[Site "Ankara"]
[Date "2010.02.19"]
[Round "10.1"]
[White "Karlovich, Anastazia"]
[Black "Yildiz, Betul Cemre"]
[Result "1/2-1/2"]
[WhiteElo "2200"]
[BlackElo "2260"]
[PlyCount "21"]
[EventDate "2010.02.15"]

1. e4 e5 2. Nf3 Nc6 3. Bc4 Nf6 4. d3 Be7 5. O-O O-O 6. Re1 d6 7. a4 Na5 8. Ba2
c5 9. Nc3 Nc6 10. h3 Be6 11. Bg5 1/2-1/2

[Event "Angora Chess Tournaments-WGM"]
[Site "Ankara"]
[Date "2010.02.19"]
[Round "10.1"]
[White "Burtasova, Anna"]
[Black "Kaya, Emel"]
[Result "1/2-1/2"]
[WhiteElo "2332"]
[BlackElo "1946"]
[PlyCount "111"]
[EventDate "2010.02.15"]

1. d4 d5 2. Nf3 c5 3. e3 Nc6 4. Nbd2 Bf5 5. a3 e6 6. Be2 Nf6 7. O-O Qc7 8. c4
dxc4 9. Nxc4 Rd8 10. Qa4 Nd7 11. Nce5 Nb6 12. Qb3 a6 13. Nxc6 Qxc6 14. dxc5
Bxc5 15. Bd2 Qd5 16. Qxd5 Nxd5 17. Rfc1 Bd6 18. Ba5 b6 19. Be1 a5 20. Nd4 O-O
21. Nxf5 exf5 22. Rd1 Be5 23. Rab1 g6 24. Bf3 Nc7 25. b4 a4 26. Bc6 b5 27. f4
Bf6 28. Bd7 Rb8 29. Rd3 Rfd8 30. Rbd1 Kg7 31. Kf1 h5 32. Ke2 h4 33. g3 hxg3 34.
hxg3 Rh8 35. Rc1 Rb7 36. Bc6 Rb6 37. Bg2 Ne6 38. Bc3 Rh2 39. Kf1 Rb8 40. Kg1
Rhh8 41. Rd5 Rhd8 42. Bxf6+ Kxf6 43. Rxd8 Rxd8 44. Bf1 Rd5 45. Rc3 Ke7 46. Kf2
Kd7 47. Rd3 Rxd3 48. Bxd3 Nc7 49. Kf3 Kd6 50. e4 fxe4+ 51. Kxe4 f5+ 52. Kd4
Ne6+ 53. Ke3 Nc7 54. Kd4 Ne6+ 55. Ke3 Nc7 56. Kd4 1/2-1/2

[Event "Angora Chess Tournaments-WGM"]
[Site "Ankara"]
[Date "2010.02.19"]
[Round "10.1"]
[White "Borsuk, Angela"]
[Black "Ozturk, Kubra"]
[Result "1/2-1/2"]
[WhiteElo "2355"]
[BlackElo "2232"]
[PlyCount "22"]
[EventDate "2010.02.15"]

1. e4 c5 2. c3 g6 3. d4 cxd4 4. cxd4 d5 5. exd5 Nf6 6. Nc3 Nxd5 7. Qb3 Nb6 8.
d5 Bg7 9. Be3 O-O 10. Rd1 N8d7 11. Nf3 Nf6 1/2-1/2

[Event "Angora Chess Tournaments-WGM"]
[Site "Ankara"]
[Date "2010.02.19"]
[Round "10.1"]
[White "Gvetadze, Sopio"]
[Black "Sop, Selen"]
[Result "1-0"]
[WhiteElo "2337"]
[BlackElo "1901"]
[PlyCount "39"]
[EventDate "2010.02.15"]

1. e4 c5 2. Nf3 d6 3. d4 cxd4 4. Nxd4 Nf6 5. Nc3 a6 6. Bc4 e6 7. Bb3 b5 8. f4
Qc7 9. O-O Be7 10. f5 e5 11. Nde2 Qa7+ 12. Kh1 b4 13. Nd5 Nxe4 14. Be3 Nc5 15.
f6 gxf6 16. Nxf6+ Kd8 17. Ne4 Nbd7 18. Nxd6 Bxd6 19. Qxd6 Qc7 20. Bg5+ 1-0

[Event "Angora Chess Tournaments-WGM"]
[Site "Ankara"]
[Date "2010.02.19"]
[Round "10.1"]
[White "Umudova, Nargiz"]
[Black "Menzi, Nezihe Ezgi"]
[Result "1-0"]
[WhiteElo "2239"]
[BlackElo "1877"]
[PlyCount "69"]
[EventDate "2010.02.15"]

1. e4 c5 2. b3 Nc6 3. Bb2 d6 4. Bc4 Nf6 5. Qe2 g6 6. f4 Bg7 7. Bb5 O-O 8. Bxc6
bxc6 9. Nc3 d5 10. e5 Ne8 11. Na4 Bf5 12. Nf3 Nc7 13. Nxc5 Ne6 14. Nxe6 Bxe6
15. d4 Bf5 16. O-O a5 17. a4 Bg4 18. h3 Bxf3 19. Rxf3 Qb6 20. Qf2 f6 21. Ba3
fxe5 22. Bc5 Qc7 23. fxe5 Rxf3 24. Qxf3 Rf8 25. Qg4 Rf5 26. Rf1 Rxf1+ 27. Kxf1
Kf7 28. Qf4+ Ke8 29. Qh4 h6 30. Qg3 g5 31. Qd3 Kf8 32. Qf5+ Kg8 33. Kg1 Qd8 34.
Qe6+ Kf8 35. Qxc6 1-0